Γρήγορα μαθηματικά - Τετραγωνικές ρίζες - Statistics

General Stats
  • This quiz has been taken 235 times
  • The average score is 10 of 20
Answer Stats
πρόβλημα απάντηση % Correct
1 1
97%
4 2
91%
64 8
91%
25 5
90%
81 9
89%
49 7
87%
100 10
86%
16 4
86%
36 6
86%
9 3
83%
900 30
81%
144 12
80%
2500 50
78%
121 11
76%
1600 40
74%
400 20
71%
225 15
70%
169 13
67%
196 14
66%
256 16
66%
289 17
59%
3600 60
58%
625 25
56%
361 19
54%
484 22
47%
441 21
44%
576 24
44%
1444 38
44%
2025 45
42%
729 27
41%
324 18
40%
1089 33
38%
1225 35
38%
676 26
36%
841 29
36%
784 28
35%
3025 55
34%
529 23
32%
1024 32
32%
1156 34
32%
1849 43
32%
3249 57
32%
1764 42
30%
961 31
29%
1936 44
29%
3481 59
29%
2116 46
28%
1681 41
26%
1521 39
24%
1369 37
23%
2209 47
23%
1296 36
22%
2916 54
22%
2601 51
21%
3136 56
21%
2401 49
20%
2809 53
20%
2304 48
18%
2704 52
17%
3364 58
13%
No matching quizzes found
Score Distribution
Percent of People with Each Score
Percentile by Number Answered
Your Score History
You have not taken this quiz